[Event "EU-ch (Women) 24th"]
[Site "Rhodes"]
[Date "2024.04.23"]
[Round "5"]
[White "Sivanandan, Bodhana"]
[Black "Houska, Jovanka"]
[Result "0-1"]
[WhiteElo "2065"]
[BlackElo "2340"]
[PlyCount "262"]
[EventDate "2024.04.19"]
[EventType "swiss"]
[EventRounds "10"]
[EventCountry "GRE"]
[SourceTitle "CB18_2024"]
[SourceDate "2024.05.01"]
[SourceVersion "1"]
[SourceVersionDate "2024.05.01"]
[SourceQuality "2"]

1. e4 c6 2. Nc3 d5 3. Nf3 Bg4 4. h3 Bxf3 5. Qxf3 Nf6 6. Be2 e6 7. 0-0 d4 8. Nb1 Bd6 9. d3 Bc7 10. Bf4 c5 11. Nd2 Nc6 12. Qg3 e5 13. Bg5 h6 14. Bxf6 Qxf6 15. Nb3 b6 16. c3 0-0-0 17. a4 Qf4 18. Qxf4 exf4 19. c4 Kd7 20. Rfc1 h5 21. Nd2 g5 22. f3 Rb8 23. Kf2 Nb4 24. Nb3 Rbg8 25. Ke1 Nc6 26. Kf2 Ke6 27. Nd2 Bd8 28. Rh1 Nb4 29. Rac1 Kd6 30. Nb1 Be7 31. Na3 Kc7 32. Nc2 Nc6 33. Na1 Rb8 34. Nb3 Nb4 35. Rhd1 Rh6 36. Rh1 a6 37. Rhd1 Nc6 38. Rh1 Nd8 39. Rc2 Nb7 40. Rcc1 Re6 41. Rc2 Kd6 42. Rhc1 Ke5 43. Ra1 Bd8 44. Rac1 Rh6 45. Rh1 Be7 46. Rcc1 Na5 47. Nd2 Rb7 48. Rc2 Rh8 49. Rcc1 Ke6 50. Rc2 Kd7 51. Rcc1 Rhb8 52. Rc2 Ke6 53. Rhc1 Nc6 54. Rh1 Kd7 55. Rd1 Ne5 56. Ra1 Bd8 57. Rh1 Kd6 58. Nb3 Be7 59. Nd2 Bd8 60. Nb3 f6 61. Rhc1 Rh7 62. Rh1 Bc7 63. Rcc1 Kc6 64. Rc2 Rg7 65. Rcc1 Bd6 66. Nd2 Kd7 67. Nb3 Ke6 68. Nd2 Bf8 69. Rc2 Be7 70. Rcc1 Bd6 71. Rc2 Ra7 72. Ra1 Rg8 73. Rh1 Rg6 74. Rcc1 Kd7 75. Rc2 Ra8 76. Rcc1 Ra7 77. Rc2 Kc6 78. Nb3 Rag7 79. Rcc1 Rg8 80. Nd2 R6g7 81. Rcg1 Bc7 82. Rc1 Bd6 83. Rc2 Ra7 84. Nb3 Kd7 85. Nd2 Ke6 86. Rcc1 Rb7 87. Rc2 Ng6 88. Rcc1 Nh4 89. Rc2 Rbg7 90. Rcc1 Be7 91. Ra1 a5 92. Rag1 f5 93. g4 fxg3+ 94. Rxg3 Bd6 95. Rgg1 Bf4 96. Nf1 Ng6 97. Rg2 h4 98. Ke1 Kf6 99. Kd1 Re8 100. Rhg1 Ne5 101. Rh1 Reg8 102. Rhg1 Nd7 103. Rh1 Ke5 104. Rhg1 Nf6 105. Rh1 Nh5 106. Rhg1 Ng3 107. Nxg3 hxg3 108. Bf1 Be3 109. Rh1 Bf2 110. Ke2 fxe4 111. fxe4 Rh7 112. b3 Rf8 113. Kd2 Rh4 114. Be2 Rfh8 115. Rf1 Rxh3 116. Bf3 Kf4 117. Be2 Rh2 118. Rfxf2+ gxf2 119. Rg4+ Ke5 120. Rxg5+ Kd6 121. Rf5 Rg8 122. Bf1 Rg3 123. Be2 Rg1 124. Rf6+ Ke7 125. Rf5 f1Q 126. Rxf1 Rxf1 127. e5 Rff2 128. Ke1 Rxe2+ 129. Kf1 Ra2 130. Kg1 Rhb2 131. Kf1 Rb1# 0-1

[Event "Reykjavik op"]
[Site "Reykjavik"]
[Date "2024.03.21"]
[Round "9"]
[White "Sivanandan, Bodhana"]
[Black "Spencer, Aaron"]
[Result "1-0"]
[WhiteElo "2088"]
[BlackElo "1899"]
[PlyCount "121"]
[EventDate "2024.03.15"]
[EventType "swiss"]
[EventRounds "9"]
[EventCountry "ISL"]
[SourceTitle "CB13_2024"]
[SourceDate "2024.03.27"]
[SourceVersion "1"]
[SourceVersionDate "2024.03.27"]
[SourceQuality "1"]

1. e4 e5 2. Nf3 Nc6 3. Nc3 Nf6 4. d4 exd4 5. Nxd4 Nxe4 6. Nxe4 Qe7 7. f3 d5 8. Bb5 Bd7 9. Bxc6 bxc6 10. 0-0 dxe4 11. Re1 Qf6 12. Rxe4+ Be7 13. Bf4 0-0 14. Bxc7 c5 15. Nb3 Bf5 16. Re2 c4 17. Be5 Qg6 18. Nd4 Bc5 19. Bg3 Rad8 20. Bf2 Bh3 21. g3 Qf6 22. Rd2 Rd5 23. c3 Re8 24. Re2 Red8 25. Qa4 Bd7 26. Qxc4 Bh3 27. Rae1 h5 28. Re8+ Bf8 29. Rxd8 Rxd8 30. Qe2 Bd6 31. Nc6 Rc8 32. Bd4 Qf5 33. Nxa7 Rc7 34. Qe8+ Bf8 35. Nb5 Rd7 36. a4 Qc2 37. Qe2 Qxa4 38. Be3 Re7 39. Nd4 Re8 40. Qd2 Bc5 41. Nc2 Bd6 42. Bf2 Rd8 43. Nd4 Qa8 44. Qg5 g6 45. Nc6 Re8 46. Rxe8+ Qxe8 47. Qd8 Qxd8 48. Nxd8 Bd7 49. Nb7 Be7 50. Bc5 Bf6 51. Kf2 h4 52. Nd6 Bc6 53. Ne4 Bd8 54. c4 f5 55. Nd6 Kg7 56. b4 Ba4 57. b5 hxg3+ 58. hxg3 Bb3 59. b6 Kf6 60. b7 Bc7 61. Ne8+ 1-0

[Event "British Rapidplay"]
[Site "Peterborough"]
[Date "2024.03.03"]
[Round "11"]
[White "Sivanandan, Bodhana"]
[Black "Moreby, James"]
[Result "1-0"]
[WhiteElo "2088"]
[BlackElo "2260"]
[PlyCount "145"]
[EventDate "2024.03.02"]
[EventType "swiss (rapid)"]
[EventRounds "11"]
[EventCountry "ENG"]
[SourceTitle "CB10_2024"]
[SourceDate "2024.03.06"]
[SourceVersion "1"]
[SourceVersionDate "2024.03.06"]
[SourceQuality "1"]

1. e4 d5 2. exd5 Qxd5 3. Nc3 Qd8 4. Nf3 Nf6 5. Bc4 a6 6. 0-0 e6 7. d4 b5 8. Bb3 Bb7 9. Re1 Be7 10. Bg5 0-0 11. Ne5 Nbd7 12. Qe2 Nxe5 13. dxe5 Nd7 14. Bxe7 Qxe7 15. Qg4 c5 16. a4 c4 17. Ba2 Qc5 18. Qg3 Nb6 19. a5 Nc8 20. b3 cxb3 21. Bxb3 Ne7 22. Qe3 Rac8 23. Na2 Nf5 24. Qxc5 Rxc5 25. Rad1 Rfc8 26. Nb4 Kf8 27. Rd7 R5c7 28. Red1 Ke8 29. Rxc7 Rxc7 30. f3 Rc5 31. Nd3 Rc3 32. Nb4 Ke7 33. Kf2 h5 34. Rd2 h4 35. Rd3 Rc5 36. f4 g5 37. g3 gxf4 38. gxf4 Rc8 39. h3 Rg8 40. Rc3 Rg2+ 41. Ke1 Kf8 42. Nd3 Rg1+ 43. Kd2 Rg2+ 44. Kc1 Nd4 45. Rc7 Be4 46. Nc5 Bxc2 47. Nd7+ Ke7 48. Nb6+ Kd8 49. Rc8+ Ke7 50. Bxc2 Ne2+ 51. Kb2 Nxf4 52. Rc7+ Kf8 53. Nd7+ Kg7 54. Nc5 Rh2 55. Nxa6 Nd3+ 56. Kc3 Nxe5 57. Nc5 Rxh3+ 58. Kb4 Rh2 59. a6 Kh6 60. a7 Rxc2 61. a8Q Nd3+ 62. Kxb5 Rb2+ 63. Kc6 Nb4+ 64. Kd7 Rd2+ 65. Ke8 Nd5 66. Rxf7 h3 67. Qa5 Rc2 68. Nxe6 Rc8+ 69. Kd7 h2 70. Qd2+ Kg6 71. Rg7+ Kf6 72. Qd4+ Kf5 73. Rg5# 1-0

[Event "British Rapidplay"]
[Site "Peterborough"]
[Date "2024.03.02"]
[Round "2"]
[White "Sivanandan, Bodhana"]
[Black "Buckley, Graeme N"]
[Result "1-0"]
[WhiteElo "2088"]
[BlackElo "2332"]
[PlyCount "128"]
[EventDate "2024.03.02"]
[EventType "swiss (rapid)"]
[EventRounds "11"]
[EventCountry "ENG"]
[SourceTitle "CB10_2024"]
[SourceDate "2024.03.06"]
[SourceVersion "1"]
[SourceVersionDate "2024.03.06"]
[SourceQuality "1"]

1. e4 c5 2. Nc3 Nc6 3. f4 g6 4. Nf3 Bg7 5. a4 e6 6. e5 d6 7. Bb5 Bd7 8. Ne4 dxe5 9. Nd6+ Ke7 10. Bxc6 Bxc6 11. fxe5 f5 12. d4 Kf8 13. Ng5 Qe7 14. Ndf7 Bh6 15. Nxh6 Nxh6 16. Nxe6+ Qxe6 17. Bxh6+ Kf7 18. 0-0 Rhd8 19. c3 cxd4 20. cxd4 Qd5 21. Qe2 Qxd4+ 22. Kh1 Qe4 23. Qxe4 Bxe4 24. Kg1 Ke6 25. Bf4 Rd3 26. Rfd1 Rad8 27. Rxd3 Rxd3 28. g3 Rb3 29. Rd1 Bd5 30. Rd2 Rb4 31. Rc2 Rxa4 32. Rc7 g5 33. Bxg5 Kxe5 34. Rxh7 Rb4 35. Bd2 Rb3 36. Bc3+ Ke4 37. Kf2 a5 38. Re7+ Kd3 39. Re5 Kc4 40. Rxf5 a4 41. Rf4+ Kb5 42. Bf6 Rd3 43. h4 Rd2+ 44. Ke3 Rh2 45. g4 Rh3+ 46. Kd4 Kc6 47. Ke5 b5 48. Kf5 Kd6 49. h5 Bf7 50. Kg5 Kd5 51. Bc3 Be6 52. Bb4 Ke5 53. Bc3+ Kd5 54. Bf6 Kc6 55. h6 Ba2 56. Kg6 Bb1+ 57. Kg7 Kd5 58. g5 Ke6 59. Rg4 Bf5 60. Rg1 b4 61. g6 a3 62. bxa3 bxa3 63. h7 a2 64. Ba1 Kd5 1-0

[Event "Cambridge op 2nd"]
[Site "Cambridge"]
[Date "2024.02.21"]
[Round "5"]
[White "Sivanandan, Bodhana"]
[Black "Karamsetty, Jeevan"]
[Result "1/2-1/2"]
[WhiteElo "1898"]
[BlackElo "2188"]
[PlyCount "96"]
[EventDate "2024.02.19"]
[EventType "swiss"]
[EventRounds "9"]
[EventCountry "ENG"]
[SourceTitle "CB09_2024"]
[SourceDate "2024.02.28"]
[SourceVersion "1"]
[SourceVersionDate "2024.02.28"]
[SourceQuality "1"]

1. e4 e5 2. Nf3 d6 3. d4 exd4 4. Nxd4 Nf6 5. Nc3 Be7 6. Be2 0-0 7. 0-0 Re8 8. Re1 c6 9. Bf4 Bf8 10. Bf1 Nbd7 11. Qd2 Ne5 12. Rad1 Ng6 13. Bg3 Nh5 14. Nf5 Nxg3 15. Nxg3 Qf6 16. a4 Bg4 17. Be2 Bxe2 18. Rxe2 b6 19. h3 Rad8 20. Qe1 Re5 21. Re3 Rde8 22. Qd2 Nh4 23. Rd3 Ng6 24. Rf3 Qe6 25. Nf5 Rd8 26. Rd3 d5 27. Nd4 Qc8 28. exd5 cxd5 29. Nf3 Re6 30. Nxd5 Red6 31. Nc3 h6 32. Ne4 Rxd3 33. cxd3 Qc6 34. b3 Qd5 35. Qc2 Nf4 36. d4 Qh5 37. Ng3 Qd5 38. Kh2 Bd6 39. Qc4 Qb7 40. d5 Nxd5 41. Kh1 Bxg3 42. fxg3 Qa8 43. Ne5 Rd6 44. Qe4 Qd8 45. Nc4 Rd7 46. Ne5 Rd6 47. Nc4 Rd7 48. Ne5 Rd6 1/2-1/2

[Event "Cambridge op 2nd"]
[Site "Cambridge"]
[Date "2024.02.20"]
[Round "3"]
[White "Sivanandan, Bodhana"]
[Black "Banerjee, Supratit"]
[Result "1-0"]
[WhiteElo "1898"]
[BlackElo "2137"]
[PlyCount "127"]
[EventDate "2024.02.19"]
[EventType "swiss"]
[EventRounds "9"]
[EventCountry "ENG"]
[SourceTitle "CB09_2024"]
[SourceDate "2024.02.28"]
[SourceVersion "1"]
[SourceVersionDate "2024.02.28"]
[SourceQuality "1"]

1. e4 e6 2. d4 d5 3. Nd2 dxe4 4. Nxe4 Nd7 5. Nf3 Ngf6 6. Nxf6+ Nxf6 7. c3 c5 8. Ne5 a6 9. Be3 Qc7 10. Qa4+ Bd7 11. Nxd7 Nxd7 12. 0-0-0 0-0-0 13. Be2 Nb6 14. Qc2 Nd5 15. Kb1 c4 16. g3 Qc6 17. Bc1 Be7 18. f4 g6 19. Bf3 h5 20. h3 Qc7 21. Rhf1 b5 22. Be2 Kb8 23. Bd2 Ka7 24. Bf3 a5 25. Rfe1 Bf6 26. a3 Rd7 27. Bg2 Qc6 28. Re2 Rhd8 29. g4 hxg4 30. hxg4 b4 31. cxb4 Bxd4 32. Re4 Bg7 33. Rxc4 Qb5 34. Rc5 Qb6 35. Rxa5+ Kb8 36. Bxd5 Rxd5 37. Rxd5 Rxd5 38. Bc1 Rxd1 39. Qxd1 Bd4 40. Qb3 Qc6 41. Qd3 Qd5 42. a4 e5 43. fxe5 Qxe5 44. Qf3 Qe7 45. Bd2 Bg7 46. a5 Qe6 47. b5 g5 48. Qd3 Bf6 49. a6 Be7 50. Qd4 Qg6+ 51. Kc1 Qe6 52. b6 Qc6+ 53. Bc3 Qh1+ 54. Kc2 Qg2+ 55. Kb3 Qh1 56. Qe5+ Ka8 57. b7+ Qxb7+ 58. axb7+ Kxb7 59. Qxe7+ Kc6 60. Kc4 f5 61. b4 f4 62. b5+ Kb6 63. Bd4+ Ka5 64. Qa7# 1-0

[Event "EU-ch Blitz (Women)"]
[Site "Monaco"]
[Date "2024.01.12"]
[Round "13"]
[White "Sivanandan, Bodhana"]
[Black "Salimova, Nurgyul"]
[Result "1-0"]
[WhiteElo "1856"]
[BlackElo "2426"]
[PlyCount "125"]
[EventDate "2024.01.12"]
[EventType "swiss (blitz)"]
[EventRounds "13"]
[EventCountry "MNC"]
[SourceTitle "CB03_2024"]
[SourceDate "2024.01.17"]
[SourceVersion "1"]
[SourceVersionDate "2024.01.17"]
[SourceQuality "1"]

1. e4 c6 2. Nc3 d5 3. Nf3 dxe4 4. Nxe4 Nf6 5. Qe2 Nxe4 6. Qxe4 Nd7 7. Bc4 Nf6 8. Ne5 e6 9. Qe2 b5 10. Bb3 Qc7 11. 0-0 Bd6 12. d4 0-0 13. c3 a5 14. Bg5 Nd5 15. Bh4 c5 16. Bg3 cxd4 17. cxd4 Bb7 18. Rac1 Qe7 19. Rfe1 b4 20. Nc6 Bxc6 21. Rxc6 Bxg3 22. hxg3 Qd7 23. Rec1 Nf6 24. Qe5 a4 25. Bd1 a3 26. b3 Rad8 27. R1c4 Nd5 28. Bf3 Nc3 29. Rc7 Qd6 30. Qxd6 Rxd6 31. Rxb4 Nxa2 32. Ra4 g6 33. Rc2 Rb8 34. Rxa2 Rxb3 35. R2xa3 Rxa3 36. Rxa3 Rxd4 37. g4 h6 38. g3 Kg7 39. Kg2 Kf6 40. Be2 Kg7 41. f4 g5 42. Kf3 Kf6 43. Re3 Rb4 44. Re4 Rb3+ 45. Kg2 Rc3 46. Kf2 Rb3 47. Re3 Rb2 48. f5 exf5 49. Rf3 Rb4 50. gxf5 Rd4 51. Rd3 Rb4 52. g4 Rf4+ 53. Kg3 Re4 54. Bf3 Rb4 55. Rd6+ Kg7 56. Be2 Re4 57. f6+ Kf8 58. Rd8+ Re8 59. Rxe8+ Kxe8 60. Bb5+ Kd8 61. Kf3 Kc7 62. Ke4 Kd6 63. Bc4 1-0

[Event "UK-ch Blitz-B"]
[Site "Leamington Spa"]
[Date "2023.12.02"]
[Round "4.5"]
[White "Bhatia, Kanishka"]
[Black "Sivanandan, Bodhana"]
[Result "1/2-1/2"]
[WhiteElo "1768"]
[BlackElo "1944"]
[PlyCount "132"]
[EventDate "2023.12.02"]
[EventType "tourn (blitz)"]
[EventRounds "15"]
[EventCountry "ENG"]
[SourceTitle "CB50_2023"]
[SourceDate "2023.12.13"]
[SourceVersion "1"]
[SourceVersionDate "2023.12.13"]
[SourceQuality "1"]

1. Nf3 d5 2. g3 Nf6 3. b3 Bf5 4. Bg2 e6 5. Bb2 Nbd7 6. 0-0 Be7 7. e3 0-0 8. d4 c5 9. Nbd2 Rc8 10. c4 dxc4 11. Nxc4 Be4 12. Nfe5 Bxg2 13. Kxg2 Nxe5 14. Nxe5 cxd4 15. Bxd4 Bc5 16. Bxc5 Rxc5 17. Nf3 Rd5 18. Qc2 Qe7 19. Rfd1 Rfd8 20. Rxd5 Nxd5 21. Rd1 h6 22. Rd2 Nb6 23. Qd1 Rxd2 24. Qxd2 Nd5 25. Nd4 a6 26. Qc2 Qc7 27. Qxc7 Nxc7 28. Kf3 Kf8 29. Ke4 Ke7 30. Nf3 Kd6 31. Kd3 e5 32. e4 Ne6 33. b4 g5 34. h4 f6 35. hxg5 hxg5 36. Nd2 Nd4 37. Nc4+ Ke6 38. Na5 b6 39. Nc4 b5 40. Ne3 Kd6 41. Nd5 f5 42. Nc3 f4 43. gxf4 gxf4 44. Nd5 Nc6 45. a3 Nd4 46. Nc3 Nf3 47. Nd5 Ne1+ 48. Kd2 Nf3+ 49. Kd3 Ng5 50. Nc3 Nh3 51. Nd1 Ke6 52. Kc3 Kf6 53. Kd3 Kg5 54. Ke2 Kg4 55. Nc3 f3+ 56. Ke3 Nf4 57. Nd5 Ng2+ 58. Kd2 Nf4 59. Ne3+ Kg5 60. Nc2 Nh3 61. Ke3 Kg4 62. Ne1 Ng5 63. Nd3 Nf7 64. Ne1 Ng5 65. Nd3 Nf7 66. Ne1 Ng5 1/2-1/2

[Event "UK-ch Blitz-B"]
[Site "Leamington Spa"]
[Date "2023.12.02"]
[Round "2.4"]
[White "Hng, Mei Xian Eunice"]
[Black "Sivanandan, Bodhana"]
[Result "1-0"]
[WhiteElo "1767"]
[BlackElo "1944"]
[PlyCount "59"]
[EventDate "2023.12.02"]
[EventType "tourn (blitz)"]
[EventRounds "15"]
[EventCountry "ENG"]
[SourceTitle "CB50_2023"]
[SourceDate "2023.12.13"]
[SourceVersion "1"]
[SourceVersionDate "2023.12.13"]
[SourceQuality "1"]

1. e4 c6 2. d4 d5 3. e5 Bf5 4. h4 h5 5. c4 dxc4 6. Bxc4 e6 7. Ne2 Nd7 8. Nbc3 Nb6 9. Bd3 Bxd3 10. Qxd3 Ne7 11. Bg5 Qd7 12. Bxe7 Bxe7 13. Qg3 g6 14. Qd3 Nd5 15. Nxd5 Qxd5 16. Kf1 a6 17. Nc3 Qd7 18. Rd1 Rd8 19. Rh3 Qc7 20. Qe4 c5 21. d5 exd5 22. Rxd5 0-0 23. Rhd3 b5 24. e6 f5 25. Qe3 b4 26. Rd7 Rxd7 27. Rxd7 Qc6 28. Nd5 Bd6 29. Qh6 Be5 30. Qh7# 1-0

[Event "BCF-chT2 2324 (4NCL)"]
[Site "England"]
[Date "2023.11.11"]
[Round "2.17"]
[White "Sivanandan, Bodhana"]
[Black "Milson, Samuel"]
[Result "1/2-1/2"]
[WhiteElo "1854"]
[BlackElo "2074"]
[PlyCount "84"]
[EventDate "2023.11.11"]
[EventType "team-tourn"]
[EventRounds "11"]
[EventCountry "ENG"]
[SourceTitle "CB46_2023"]
[SourceDate "2023.11.15"]
[SourceVersion "1"]
[SourceVersionDate "2023.11.15"]
[SourceQuality "1"]
[WhiteTeam "Cambridge University"]
[BlackTeam "The Sharks II"]
[WhiteTeamCountry "ENG"]
[BlackTeamCountry "ENG"]

1. e4 e6 2. d4 d5 3. Nd2 dxe4 4. Nxe4 Nd7 5. Nf3 Ngf6 6. Nxf6+ Nxf6 7. Bd3 Be7 8. 0-0 0-0 9. c3 b6 10. Bg5 Bb7 11. Qe2 h6 12. Bxf6 Bxf6 13. Rad1 Qd5 14. c4 Qa5 15. Ne5 Bxe5 16. Qxe5 Qxe5 17. dxe5 Rfd8 18. Bc2 Kf8 19. f4 Ke7 20. g3 a5 21. Kf2 g5 22. f5 exf5 23. Bxf5 Bc6 24. Ke3 Rxd1 25. Rxd1 Rd8 26. Rxd8 Kxd8 27. b3 Ke7 28. a3 f6 29. Kd4 Bb7 30. b4 axb4 31. axb4 Bc6 32. h4 Bb7 33. c5 bxc5+ 34. bxc5 Bc6 35. Bg4 Bb7 36. Bf5 Bc6 37. Bg4 Bb7 38. Bf5 gxh4 39. gxh4 Bc6 40. Bg4 Bb7 41. Bf5 Bc6 42. Bg4 Bb7 1/2-1/2

[Event "Titled Tuesday intern op 26th Sep Early"]
[Site "Chess.com INT"]
[Date "2023.09.26"]
[Round "5"]
[White "Carrasco Miranda, Andres"]
[Black "Sivanandan, Bodhana"]
[Result "0-1"]
[WhiteElo "2241"]
[BlackElo "1840"]
[PlyCount "130"]
[EventDate "2023.09.26"]
[EventType "swiss (blitz)"]
[EventRounds "11"]
[EventCountry "USA"]
[SourceTitle "EXT 2024"]
[Source "ChessBase"]
[SourceDate "2023.10.10"]
[SourceVersion "1"]
[SourceVersionDate "2023.10.10"]
[SourceQuality "1"]

1. d4 d6 2. Nf3 Nf6 3. c4 g6 4. Nc3 Bg7 5. g3 0-0 6. Bg2 Nbd7 7. 0-0 c6 8. e4 e5 9. h3 Re8 10. Be3 b6 11. d5 cxd5 12. cxd5 Ba6 13. Re1 Nc5 14. Bxc5 bxc5 15. Qa4 Qb6 16. b3 Rac8 17. Nd2 Bh6 18. Nc4 Bxc4 19. Qxc4 Bd2 20. Red1 Bxc3 21. Qxc3 Qb4 22. Rac1 Qxc3 23. Rxc3 Rb8 24. Rc4 Rb6 25. Ra4 Re7 26. Rc1 Reb7 27. f3 Rb4 28. Ra6 R4b6 29. Ra3 Kf8 30. Kf2 Ke7 31. h4 Rb4 32. Bf1 Rd4 33. Rc2 h6 34. Ra6 g5 35. hxg5 hxg5 36. g4 Rd1 37. Bc4 Rh1 38. Ke3 Nd7 39. a4 Nb6 40. Bb5 Rb1 41. Bc6 Rxb3+ 42. Kd2 Rc7 43. Kc1 Rb4 44. Rh2 Rb3 45. Rh5 Rxf3 46. Rxg5 Rf4 47. Rg8 Rxe4 48. g5 Nd7 49. a5 Rg4 50. Kd2 c4 51. Kc3 e4 52. g6 Rxg6 53. Rxg6 fxg6 54. Kxc4 Ne5+ 55. Kd4 Nxc6+ 56. dxc6 Ke6 57. Kxe4 d5+ 58. Kd4 Kd6 59. Kd3 g5 60. Kd4 g4 61. Ke3 Kc5 62. Kf4 Kb5 63. Rb6+ axb6 64. axb6 Kxb6 65. Kxg4 Kxc6 0-1

[Event "Titled Tuesday intern op 26th Sep Early"]
[Site "Chess.com INT"]
[Date "2023.09.26"]
[Round "3"]
[White "Mendes Domingues, Ribeiro Matheus"]
[Black "Sivanandan, Bodhana"]
[Result "1-0"]
[WhiteElo "2115"]
[BlackElo "1840"]
[PlyCount "103"]
[EventDate "2023.09.26"]
[EventType "swiss (blitz)"]
[EventRounds "11"]
[EventCountry "USA"]
[SourceTitle "EXT 2024"]
[Source "ChessBase"]
[SourceDate "2023.10.10"]
[SourceVersion "1"]
[SourceVersionDate "2023.10.10"]
[SourceQuality "1"]

1. c4 d6 2. Nf3 c5 3. Nc3 Nf6 4. g3 Nc6 5. Bg2 g6 6. 0-0 Bg7 7. d4 cxd4 8. Nxd4 Nxd4 9. Qxd4 0-0 10. b3 a6 11. Bb2 Rb8 12. Rfd1 Bf5 13. Rac1 Qd7 14. Nd5 Rbd8 15. Qd2 Nxd5 16. Bxg7 Kxg7 17. Qxd5 Bh3 18. Qxb7 Bxg2 19. Qxd7 Rxd7 20. Kxg2 Rc7 21. Rd5 Rb8 22. e4 Rb6 23. e5 Rc5 24. Rxc5 dxc5 25. Rd1 a5 26. Rd7 a4 27. Rxe7 axb3 28. axb3 Rxb3 29. e6 Kf6 30. Rxf7+ Kxe6 31. Rxh7 Rc3 32. Rh4 g5 33. Rh5 Kf5 34. h4 Rxc4 35. Rxg5+ Kf6 36. Rg8 Rc1 37. Rc8 c4 38. h5 c3 39. h6 Kg6 40. Rc6+ Kh7 41. g4 Ra1 42. g5 Ra5 43. f4 Ra4 44. Kg3 Ra3 45. Kg4 Ra1 46. Rc7+ Kg8 47. Rxc3 Rg1+ 48. Kf5 Rf1 49. Kg6 Rxf4 50. Rc8+ Rf8 51. h7+ Kh8 52. Rxf8# 1-0